Najbardziej zadłużone państwa na świecie - Statystyki

Ogólne statystyki
  • Ten quiz został rozwiązany 1 586 razy
  • Średni wynik to 7 z 25
Statystyki odpowiedzi
Lp Proc. PKB Państwo % Poprawnych
15. 143,4% Grecja
76%
16. 140,3% Niemcy
61%
13. 144,6% Hiszpania
59%
8. 172,1% Francja
55%
7. 197,9% Portugalia
49%
18. 128,9% Szwecja
39%
23. 105,5% Norwegia
37%
19. 125,2% Finlandia
35%
4. 280,6% Holandia
35%
5. 260,9% Szwajcaria
30%
22. 113,5% Estonia
28%
20. 124,1% Łotwa
28%
1. 3488,2% Luksemburg
26%
24. 103,1% Bułgaria
23%
11. 155,3% Kongo
21%
17. 129,5% Cypr
18%
25. 100,2% D. R. Konga
16%
14. 144,3% Zimbabwe
15%
2. 606,1% Liberia
9%
9. 170,4% Gambia
6%
6. 202,9% Gwinea Bissau
6%
10. 163,1% Sierra Leone
6%
12. 154,4% Seszele
5%
21. 114,9% Komory
3%
3. 349,5% Wyspy Św Tomasza i Ks
1%
Nie znaleziono quizów pasujących do podanych kryteriów
Rozkład punktacji
Procent ludzi z każdym wynikiem
Percentyl według liczby udzielonych odpowiedzi
Twoja historia wyników
Nie rozwiązałeś tego quizu